02042 a2200217 450000100040000000500170000400800410002100300150006204000400007708000480011724500220016502000180018726400410020530000200024650513290026610000280159570000230162370000330164670000310167985601140171011120260407155411.0260407a2003 arg spa dAR-UNSa-BCEJYS aAR-UNSa-BCEJYSbspacAR-UNSa-BCEJYS a347.7xDerecho Mercantil. Derecho Comercial10aDerecho Comercial a950-20-1528-2 1aBuenos Aires :bAbeledo Perrotc2003 a1102 p.c23 cm. a1. Concepto, evolución y ámbito - 2. Acto de comercio - 3. La empresa - 4. Propiedad industrial - 5. El comerciante - 6. Obligaciones de los comerciantes - 7. Sociedades comerciales - 8. Sociedades comerciales - 9. Clasificación de las sociedades. Sociedades personales o por parte de interés. Sociedades accidentales o en participación. Sociedades de responsabilidad limitada - 10. Sociedades por acciones. Sociedades anónimas - 11. Sociedades anónimas. Órganos - 12. Sociedades en comandita por acciones y sociedades cooperativas - 13. La sociedad de garantía recíproca - 14. Transformación de sociedades. Resolución parcial.Disolución. Liquidación - 15. Vinculaciones Societarias - 16. Contratos de colaboración empresaria y uniones transitorias - 17. Participación del estado. El ahorro público.Entidades Financieras - 18. De la representación - 19. Agentes auxiliares - 20. Bolsas de comercio - 21. Contratos comerciales - 22. Responsabilidad del comerciante-empresario - 23. Contratos regulados en el código de comerio y en el código civil - 24. Contratos comerciales regulados en el código civil - 25. Contratos regulados solo en el código de comercio - 26. Otros contratos comerciales - 27. Contratos típicamente mercantiles - 28. Seguros - 29. Seguros (continuación) 1 aGarrone, José Alberto1 aWeyland, Alejandro1 aLópez Díaz, Indalecio R.1 aLópez, Gastón Federico41uhttps://biblioeco.unsa.edu.ar/pmb/images/libros/Derecho Comercial2-l116451.jpgyImagen de portadaqimage/jpeg